[Event "Bundesliga 8081"]
[Site "Germany"]
[Date "1981.??.??"]
[Round "?"]
[White "Weichert, Helmut"]
[Black "Rupp, Claus"]
[Result "0-1"]
[WhiteElo "2020"]
[BlackElo "2260"]

1.e4 g6 2.d4 Bg7 3.Nc3 d6 4.f4 Nf6 5.Nf3 O-O 6.Bd3 c6 7.e5 Nd5 8.Nxd5 cxd5
9.Qe2 Nc6 10.c3 a6 11.Bd2 b5 12.O-O b4 13.h3 Qb6 14.exd6 e6 15.Ne5 Rd8 16.Nxc6 Qxc6
17.g4 Rxd6 18.Rf2 a5 19.f5 exf5 20.gxf5 Ba6 21.Bxa6 Qxa6 22.Qxa6 Rdxa6 23.Re1 Kf8
24.Kf1 bxc3 25.Bxc3 Bf6 26.Rf3 Re8 27.Rxe8+ Kxe8 28.Ke2 a4 29.Kd3 Bg5 30.Bd2 Bxd2
31.Kxd2 Rf6 32.Re3+ Kd7 33.fxg6 hxg6 34.Kc3 Rc6+ 35.Kd3 Re6 36.Rf3 Ke7 37.Kc3 Rc6+
38.Kd3 f5 39.Rf1 Kf6 40.Re1 Re6 41.Rc1 f4 42.Rc5 Re3+ 43.Kd2 Ke6 44.Ra5 Rxh3
45.Rxa4 Kf5 46.b4 Ke4 47.b5 Rh2+ 48.Kc3 f3 49.Ra8 f2 50.Rf8 Rh3+  0-1

[Event "EU-ch U20"]
[Site "Groningen"]
[Date "1981.??.??"]
[Round "4"]
[White "Delaney, John"]
[Black "Hjartarson, Johann"]
[Result "0-1"]
[WhiteElo "2205"]
[BlackElo "2420"]

1.e4 g6 2.d4 Bg7 3.Nc3 d6 4.f4 Nf6 5.Nf3 O-O 6.Be3 a6 7.e5 Ng4 8.Bg1 b5 9.h3 Nh6
10.g4 f6 11.Bh2 fxe5 12.dxe5 Bb7 13.Bg2 dxe5 14.Qxd8 Rxd8 15.fxe5 Nd7 16.O-O Nc5
17.Rad1 b4 18.Rxd8+ Rxd8 19.Rd1 Rxd1+ 20.Nxd1 Nf7 21.Ne3 Bxf3 22.Bxf3 Nxe5
23.Be2 c6 24.Kf1 Kf7 25.Bxe5 Bxe5 26.Nc4 Bf6 27.Bf3 Ne6 28.Bxc6 Nf4 29.Bb7 a5
30.b3 Nxh3 31.Nxa5 Bd4 32.Nc4 Bc5 33.Ke2 Kf6 34.Nd2 Ke5 35.Kd3 Nf2+ 36.Kc4 Bd6
37.g5 Kf4 38.c3 bxc3 39.Kxc3 Kxg5 40.a4 Kf5 41.Nc4 Bb8 42.a5 Ne4+ 43.Kd4 Ba7+
44.Kd5 Nc5 45.Bc8+ e6+ 46.Kd6 Nxb3 47.Bxe6+ Kf4 48.a6 g5 49.Ne5 Na5 50.Bd5 g4
51.Nxg4 Kxg4 52.Ke5 h5 53.Ke4 Kg3 54.Kd3 h4 55.Kc3 Bc5 56.a7 Bxa7 57.Kb4 Bb6
58.Kb5 Bc7 59.Kc5 h3 60.Kb5 Kf2 61.Kb4 h2 62.Ba8 Kg1 63.Bf3 h1=Q  0-1

[Event "Hamburg op"]
[Site "Hamburg"]
[Date "1981.??.??"]
[Round "4"]
[White "Paulsen, Dirk"]
[Black "Hazai, Laszlo"]
[Result "0-1"]
[WhiteElo "2290"]
[BlackElo "2430"]

1.d4 g6 2.e4 Bg7 3.Nc3 d6 4.Nge2 Nf6 5.g3 O-O 6.Bg2 e5 7.h3 Nc6 8.Be3 a6
9.O-O b5 10.dxe5 dxe5 11.Bc5 Re8 12.a4 Rb8 13.axb5 axb5 14.Qxd8 Nxd8 15.Nd5 Ne6
16.Ne7+ Kh8 17.Nc6 Nxc5 18.Nxb8 Bb7 19.b4 Na4 20.c4 Rxb8 21.f3 Bc6 22.c5 Bh6
23.Rfd1 Kg7 24.Ra3 Nb2 25.Rb1 Nc4 26.Ra7 Be3+ 27.Kh2 Ne8 28.h4 f5 29.Nc3 Bd4
30.Nd5 Ra8 31.Rxa8 Bxa8 32.Ne7 Ne3 33.exf5 gxf5 34.Rb3 Kf8 35.Nc8 Bd5 36.Ra3 e4
37.fxe4 fxe4 38.Na7 c6 39.Ra6 Nxg2 40.Nxc6 Bc3  0-1

[Event "Hamburg op"]
[Site "Hamburg"]
[Date "1981.??.??"]
[Round "4"]
[White "Schneider, Lars Ake"]
[Black "Short, Nigel D"]
[Result "0-1"]
[WhiteElo "2410"]
[BlackElo "2440"]

1.e4 g6 2.d4 Bg7 3.Nc3 d6 4.f4 Nf6 5.Nf3 O-O 6.Be3 b6 7.e5 Ng4 8.Bg1 c5 9.h3 Nh6
10.d5 Na6 11.Qd2 Nc7 12.g4 Bb7 13.Be3 dxe5 14.O-O-O Nxd5 15.Nxd5 e6 16.g5 Nf5
17.Nf6+ Bxf6 18.Qf2 Nd4 19.Bxd4 cxd4 20.gxf6 Qxf6 21.Bg2 Qxf4+ 22.Kb1 Rad8
23.Qe2 Bxf3 24.Bxf3 f5 25.Bc6 e4 26.h4 Kg7 27.Ba4 d3 28.Qg2 e3 29.Bb3 Qe4
30.Qxe4 fxe4 31.c3 e2 32.Rde1 Rf2  0-1

[Event "Hamburg op"]
[Site "Hamburg"]
[Date "1981.??.??"]
[Round "5"]
[White "Horvath, Tamas"]
[Black "Reichenbach, Werner"]
[Result "1/2-1/2"]
[WhiteElo "2390"]
[BlackElo "2275"]

1.e4 g6 2.d4 Bg7 3.Nc3 d6 4.Be3 c6 5.f4 Nf6 6.Nf3 Qa5 7.Qd2 b5 8.Bd3 Na6
9.a3 Rb8 10.h3 c5 11.O-O c4 12.Be2 Bb7 13.d5 Nc5 14.Nd4 O-O 15.e5 Ne8 16.Ndxb5 a6
17.exd6 exd6 18.Nd4 Ba8 19.Rab1 Na4 20.Bxc4 Nxc3 21.Qxc3 Qxc3 22.bxc3 Rc8
23.Bxa6 Rxc3 24.Bd3 Nc7 25.Nb5 Nxb5 26.Rxb5 Rxa3 27.f5 Re8 28.Bf4 Bd4+ 29.Kh2 Bc5
30.Bc4 Ra4 31.Bb3 Rd4 32.Be3 Rxe3 33.Rb8+ Kg7 34.Rxa8  1/2-1/2

[Event "Hamburg op"]
[Site "Hamburg"]
[Date "1981.??.??"]
[Round "7"]
[White "Hazai, Laszlo"]
[Black "Reichenbach, Werner"]
[Result "1-0"]
[WhiteElo "2430"]
[BlackElo "2275"]

1.e4 g6 2.d4 Bg7 3.Nc3 d6 4.f4 Nf6 5.Nf3 O-O 6.Bd3 Nc6 7.O-O Bg4 8.e5 dxe5
9.dxe5 Nd5 10.h3 Nxc3 11.bxc3 Bf5 12.Be3 e6 13.Qe2 Bxd3 14.cxd3 Qd7 15.Nd2 Rad8
16.d4 f5 17.Nb3 b6 18.c4 Ne7 19.Bf2 h6 20.Bh4 Rde8 21.Rfd1 Kh7 22.Bxe7 Qxe7
23.d5 exd5 24.cxd5 g5 25.Nd4 Qf7 26.Ne6 Rxe6 27.dxe6 Qxe6 28.Rac1 Rf7 29.fxg5 Bxe5
30.Kh1 Re7 31.gxh6 Qf6 32.Qd3 Kxh6 33.Re1 f4 34.Rc4 Bd6 35.Rce4 Rxe4 36.Qxe4 Kg7
37.Qd5 Qc3 38.Qe6 Qc6 39.h4 Qb5 40.Qg4+ Kh7 41.h5 Qd3 42.Qd7+ Kh6 43.Re6+ Kxh5
44.Qf7+ Kg5  1-0

[Event "Hamburg op"]
[Site "Hamburg"]
[Date "1981.??.??"]
[Round "10"]
[White "Bednarski, Jacek B"]
[Black "Feustel, Bernd"]
[Result "0-1"]
[WhiteElo "2380"]
[BlackElo "2375"]

1.e4 g6 2.d4 Bg7 3.Nc3 d6 4.Nge2 Nd7 5.g3 a6 6.a4 Ngf6 7.Bg2 O-O 8.O-O Rb8
9.a5 Kh8 10.h3 Ng8 11.Be3 c6 12.Qd2 b5 13.axb6 Nxb6 14.b3 Qc7 15.Na4 Nd7
16.Ra2 f5 17.exf5 Rxf5 18.Nf4 Ndf6 19.g4 Ra5 20.d5 c5 21.g5 Ne8 22.Ne6 Bxe6
23.dxe6 Rb4 24.f4 d5 25.Bxd5 Nd6 26.c3 Nf5 27.cxb4 Rxa4 28.Bxc5 Rxa2 29.Qxa2 h6
30.Qa5 Qc8 31.Qb6 hxg5 32.fxg5 Bf6 33.Qb7 Qf8 34.Bd4 Bxd4+ 35.Kh2 Qg7 36.Re1 Bf2
37.Re2 Qd4 38.Qc7 Bg3+  0-1

[Event "Hradec Kralove"]
[Site "Hradec Kralove"]
[Date "1981.??.??"]
[Round "6"]
[White "Prandstetter, Eduard"]
[Black "Smejkal, Jan"]
[Result "1/2-1/2"]
[WhiteElo "2415"]
[BlackElo "2540"]

1.e4 g6 2.d4 Bg7 3.Nc3 d6 4.g3 Nf6 5.Bg2 O-O 6.Nge2 e5 7.O-O Nbd7 8.h3 c6
9.a4 Re8 10.Be3 b6 11.Qc1 Ba6 12.Re1 Qc7 13.Bh6 Bxe2 14.Bxg7 Kxg7 15.Nxe2 d5
16.exd5 Nxd5 17.dxe5 Nxe5 18.Nf4 Nf6 19.Qd2 Re7 20.Qc3 Rae8 21.Re3 h5 22.Rae1 Qd6
23.Nd3 Nxd3 24.Rxe7 Rxe7 25.Rxe7 Qxe7 26.cxd3 c5 27.d4 cxd4 28.Qxd4 Kg8 29.Bf3  1/2-1/2

[Event "NOR-ch"]
[Site "Kirkenes"]
[Date "1981.??.??"]
[Round "?"]
[White "Hoen, Ragnar"]
[Black "Svedenborg, Dag"]
[Result "1/2-1/2"]
[WhiteElo "2355"]
[BlackElo "2200"]

1.e4 g6 2.d4 Bg7 3.Nc3 d6 4.h3 Nd7 5.Nf3 c5 6.Be3 cxd4 7.Bxd4 Ngf6 8.Bc4 O-O
9.O-O b6 10.Re1 Bb7 11.Nd5 Rc8 12.Bb3 e6 13.Nxf6+ Nxf6 14.Qd3 Qc7 15.Rad1 Rfd8
16.Bc3 Qb8 17.Ng5 d5 18.exd5 Bxd5 19.Be5 Qa8 20.Bxd5 Rxd5 21.Qf3 Rxd1 22.Rxd1 Qxf3
23.Nxf3 Nd5  1/2-1/2

[Event "POL-chT"]
[Site "Lubniewice"]
[Date "1981.??.??"]
[Round "3"]
[White "Nowacki, Marian"]
[Black "Kaczmarek, A."]
[Result "0-1"]
[WhiteElo "2200"]
[BlackElo "2200"]

1.d4 g6 2.e4 Bg7 3.Nc3 d6 4.Be2 Nf6 5.h4 O-O 6.h5 c5 7.dxc5 dxc5 8.Bg5 Qa5
9.Kf1 Rd8 10.Qc1 Nc6 11.hxg6 hxg6 12.Bh6 Bh8 13.Nf3 Ng4 14.Nd5 Nxh6 15.Qxh6 Bg7
16.Qh7+ Kf8 17.Ng5 Qd2 18.Rd1 Qxc2 19.Qh4 f6 20.Nh7+ Kf7 21.Re1 Qxb2 22.f4 Nd4
23.Bh5 Rxd5 24.exd5 Bf5 25.Bg4 Qxa2 26.Bxf5 Nxf5 27.Qf2 Qxd5 28.Rh3 Qc4+
29.Kg1 Qd4 30.g4 Qxf2+ 31.Kxf2 Nd4  0-1

[Event "POL-chT"]
[Site "Lubniewice"]
[Date "1981.??.??"]
[Round "4"]
[White "Stypka, Mieczyslaw"]
[Black "Swic, Waldemar"]
[Result "0-1"]
[WhiteElo "2200"]
[BlackElo "2330"]

1.e4 g6 2.d4 Bg7 3.Nc3 d6 4.Nf3 a6 5.h3 b5 6.Bd3 Bb7 7.O-O Nd7 8.a4 b4 9.Nb1 c5
10.c3 Ngf6 11.Nbd2 O-O 12.Re1 cxd4 13.cxd4 e5 14.d5 Nc5 15.Bc2 a5 16.Nb3 Nfd7
17.Be3 Rc8 18.Nfd2 f5 19.Nc4 Nxb3 20.Bxb3 Nc5 21.f3 Ba6 22.Bxc5 Rxc5 23.Rc1 Bh6
24.Ne3 Rxc1 25.Qxc1 fxe4 26.fxe4 Qh4 27.Qd2 Qg3 28.Nf5 Bxd2 29.Nxg3 Bxe1  0-1

[Event "POL-chT"]
[Site "Lubniewice"]
[Date "1981.??.??"]
[Round "6"]
[White "Flis, Jacek"]
[Black "Swic, Waldemar"]
[Result "1/2-1/2"]
[WhiteElo "2310"]
[BlackElo "2330"]

1.e4 g6 2.d4 Bg7 3.Nc3 d6 4.f4 Nc6 5.Be3 Nf6 6.Be2 O-O 7.d5 Nb8 8.Nf3 c6
9.O-O cxd5 10.exd5 a6 11.a4 b6 12.Nd4 Bb7  1/2-1/2

[Event "POL-chT"]
[Site "Lubniewice"]
[Date "1981.??.??"]
[Round "7"]
[White "Lipski, Tadeusz"]
[Black "Sznapik, Krzysztof"]
[Result "1-0"]
[WhiteElo "2290"]
[BlackElo "2255"]

1.e4 g6 2.d4 Bg7 3.Nc3 d6 4.f4 a6 5.Nf3 b5 6.Bd3 Bb7 7.Qe2 Nd7 8.e5 e6 9.O-O Ne7
10.a4 b4 11.Ne4 Bxe4 12.Bxe4 d5 13.Bd3 a5 14.Kh1 c5 15.dxc5 Nxc5 16.Bb5+ Kf8
17.Be3 Ne4 18.Ng5 Nxg5 19.fxg5 h5 20.gxh6 Bxh6 21.Qf3 Nf5 22.Bc5+ Kg7 23.g4 Qc7
24.gxf5 Qxe5 25.fxe6 f6 26.Rae1 Be3 27.Re2 d4 28.Bxd4 Qxd4 29.Rxe3  1-0

[Event "Montreal zt"]
[Site "Montreal"]
[Date "1981.??.??"]
[Round "?"]
[White "Day, Lawrence A"]
[Black "Buchholz, Martin"]
[Result "1/2-1/2"]
[WhiteElo "2430"]
[BlackElo "2235"]

1.d4 g6 2.e4 Bg7 3.Nc3 d6 4.Nge2 Nf6 5.g3 O-O 6.Bg2 Nbd7 7.h3 c5 8.O-O cxd4
9.Nxd4 a6 10.a4 Qc7 11.Nd5 Nxd5 12.exd5 Nf6 13.Re1 Re8 14.b3 Bd7 15.a5 e6
16.dxe6 fxe6 17.Bb2 e5 18.Nf3 Bc6 19.c4 Rad8 20.Qe2 b5 21.axb6 Qxb6 22.Nd2 Bxg2
23.Kxg2 Rb8 24.Ra3 Qc6+ 25.Ne4 Rb6 26.Qf3 Nxe4 27.Qxe4 Qxe4+ 28.Rxe4 Reb8
29.Bc1 Rxb3 30.Rxa6 Rd3 31.Ba3 Bf8 32.Re3 Rd4 33.Rc6 d5 34.cxd5 Rxd5 35.Rc7 Rbd8
36.Bb2 Bd6 37.Rb7 Rd2 38.Bc3 Rc2 39.Rb2 Rxb2 40.Bxb2 Re8 41.f4 Rb8 42.Bxe5 Bxe5
43.Rxe5 Kf7 44.Kf3 h5 45.Re3 Kf6 46.Ra3 Rb6 47.g4 hxg4+ 48.Kxg4 Rb1 49.Ra6+ Kg7
50.Ra3 Kf6 51.Rg3 Ra1 52.h4 Rb1 53.Rh3 Rg1+ 54.Kf3 Ra1 55.Rg3 Ra3+ 56.Kg4 Ra1
57.Rg2 Rb1  1/2-1/2

[Event "Ed.Lasker mem"]
[Site "New York"]
[Date "1981.??.??"]
[Round "7"]
[White "Iskov, Gert"]
[Black "Tisdall, Jonathan D"]
[Result "0-1"]
[WhiteElo "2395"]
[BlackElo "2410"]

1.e4 g6 2.d4 Bg7 3.Nc3 d6 4.Nf3 Nf6 5.h3 O-O 6.Be3 Nbd7 7.e5 Ne8 8.Qd2 c6
9.Bc4 b5 10.Bb3 Nb6 11.Bh6 Nc4 12.Bxc4 bxc4 13.O-O Be6 14.Rfe1 Nc7 15.Re4 f6
16.exf6 exf6 17.Bxg7 Kxg7 18.Qe2 Qd7 19.d5 cxd5 20.Nxd5 Nxd5 21.Rxe6 Rf7
22.Nd4 Rc8 23.Qf3 Nc7 24.Re2 Re8 25.Rae1 Re5 26.Qb7 Qa4 27.Qc6 Qxa2 28.Qxd6 Rd5
29.Ne6+ Nxe6 30.Qxd5 Nf4 31.Qd4 Nxe2+ 32.Rxe2 Qa6 33.Qe4 Qb7 34.Qe6 Qc7 35.g3 Qb7
36.Kh2 Qf3 37.Kg1 Qf5 38.Qxc4 Qxh3 39.Qc6 Qd7 40.Kg2  0-1

[Event "Ed.Lasker mem"]
[Site "New York"]
[Date "1981.??.??"]
[Round "13"]
[White "Lein, Anatoly"]
[Black "Keene, Raymond D"]
[Result "1/2-1/2"]
[WhiteElo "2485"]
[BlackElo "2490"]

1.d4 g6 2.e4 Bg7 3.Nc3 d6 4.f4 Nc6 5.Be3 Nf6 6.Nf3 O-O 7.Be2 a6 8.e5 Ng4
9.Bg1 b5 10.Ng5 Nh6 11.Bf3 Bd7 12.Bf2 b4 13.Ne2 f6 14.e6 fxg5 15.exd7 Qxd7
16.Qd3 d5 17.fxg5 Nf7 18.Qd2 e6 19.O-O Nd6 20.b3 Rae8 21.Rac1 Nb5 22.Rfd1 Rd8
23.a4 bxa3 24.Qe3 Kh8 25.c3 e5 26.dxe5 Nxe5 27.c4 d4 28.Qd2 Rxf3 29.cxb5 Rd3
30.Qa5 Rxd1+ 31.Rxd1 Qxb5 32.Qxc7 Qb8 33.Qa5 Ng4 34.Bg3 Qa8 35.Nf4 Ne3 36.Rd2 Rc8
37.Nd3 Rf8 38.Bf4 Qe4 39.Qxa6 a2 40.Rxa2 Nd5 41.Bd6 Re8 42.h3 Nc3 43.Ra1 Qd5
44.b4 Qxg5 45.Qc6 Rg8 46.Ra8 h6 47.Kh2 Qe3 48.Rxg8+ Kxg8 49.Qf3 Qxf3 50.gxf3  1/2-1/2

[Event "Novi Sad"]
[Site "Novi Sad"]
[Date "1981.??.??"]
[Round "5"]
[White "Popovic, Petar"]
[Black "Rakic, Tomislav"]
[Result "1-0"]
[WhiteElo "2455"]
[BlackElo "2425"]

1.e4 g6 2.d4 Bg7 3.Nc3 d6 4.g3 Nf6 5.Bg2 O-O 6.Nge2 e5 7.h3 c6 8.a4 a5 9.O-O Nbd7
10.b3 Re8 11.Ba3 exd4 12.Nxd4 Nc5 13.Re1 Qb6 14.Bb2 Bd7 15.Rb1 Rad8 16.Kh2 h5
17.Qd2 Bc8 18.Rbd1 d5 19.exd5 Rxe1 20.Qxe1 Nxd5 21.Nxd5 cxd5 22.Bc3 Qc7 23.Nb5 Bxc3
24.Qxc3 Qb6 25.Rxd5 Rxd5 26.Bxd5 Bd7  1-0

[Event "Novi Sad"]
[Site "Novi Sad"]
[Date "1981.??.??"]
[Round "8"]
[White "Bjelajac, Milan"]
[Black "Rakic, Tomislav"]
[Result "0-1"]
[WhiteElo "2370"]
[BlackElo "2425"]

1.e4 g6 2.d4 Bg7 3.Nc3 d6 4.g3 Nf6 5.Bg2 O-O 6.Nge2 e5 7.O-O c6 8.a4 a5 9.h3 Nbd7
10.Bg5 h6 11.Be3 exd4 12.Bxd4 Nc5 13.f3 Qe7 14.Qd2 Be6 15.Rfe1 Rfd8 16.Nf4 g5
17.Nfd5 cxd5 18.exd5 Qf8 19.dxe6 Nxe6 20.Bb6 Rdc8 21.f4 gxf4 22.Bxb7 Rab8
23.Bxc8 Qxc8 24.Bf2 Ng5 25.Qxd6 Nxh3+ 26.Kg2 Nxf2 27.Kxf2 Rxb2 28.Rab1 Rxc2+
29.Re2 Qxc3 30.Rb8+ Kh7 31.Qxf4 Qc5+ 32.Kf3 Qd5+ 33.Kf2 Ng4+ 34.Qxg4 Bd4+  0-1

[Event "Plovdiv"]
[Site "Plovdiv"]
[Date "1981.??.??"]
[Round "7"]
[White "Makropoulos, Georgios"]
[Black "Bohosjan, Sarkis"]
[Result "1-0"]
[WhiteElo "2475"]
[BlackElo "2390"]

1.e4 g6 2.d4 Bg7 3.Nc3 d6 4.Be3 c6 5.Qd2 b5 6.h4 h5 7.f3 Nd7 8.Nh3 Nb6 9.Nf2 Nc4
10.Bxc4 bxc4 11.Na4 Nf6 12.Qc3 Ba6 13.b3 Bb5 14.Nb2 cxb3 15.a4 bxc2 16.axb5 cxb5
17.Qc6+ Nd7 18.Nfd3 b4 19.Nxb4 Rc8 20.Qa4 Bxd4 21.Bc1 Qb6 22.Nd5 Qc5 23.Ke2 e6
24.Nd3 Qc4 25.Ne3  1-0

[Event "BUL-ch"]
[Site "Sofia"]
[Date "1981.??.??"]
[Round "8"]
[White "Velikov, Petar"]
[Black "Grigorov, Jordan N"]
[Result "1/2-1/2"]
[WhiteElo "2460"]
[BlackElo "2405"]

1.d4 g6 2.e4 Bg7 3.Nc3 d6 4.Nf3 Nf6 5.h3 O-O 6.Be2 c5 7.Be3 cxd4 8.Nxd4 Nc6
9.O-O d5 10.Nxc6 bxc6 11.e5 Nd7 12.f4 e6 13.Na4 Qa5 14.c4 Nb6 15.Nxb6 axb6
16.a3 Rd8 17.b4 Qa7 18.Qd4 c5 19.bxc5 bxc5 20.Qxc5 Qxc5 21.Bxc5 Ba6 22.Rfc1 Rdc8
23.Bd6 Bf8 24.Bxf8 Kxf8 25.Kf2 Bxc4 26.a4 Bxe2 27.Rxc8+ Rxc8 28.Kxe2 Ke7
29.Kd3 Kd7 30.a5 Rc7 31.a6 Ra7 32.Kd4 Kc6 33.g4 Kb5 34.Rb1+ Kc6 35.Ra1 Kb5
36.Rb1+  1/2-1/2

[Event "Svendborg"]
[Site "Svendborg"]
[Date "1981.??.??"]
[Round "1"]
[White "Bednarski, Jacek B"]
[Black "Iskov, Gert"]
[Result "1/2-1/2"]
[WhiteElo "2380"]
[BlackElo "2420"]

1.e4 d6 2.d4 g6 3.Nc3 Bg7 4.Nge2 c6 5.a4 a5 6.g3 Na6 7.Bg2 e5 8.Be3 Nf6 9.h3 Qe7
10.O-O O-O 11.Re1 h5 12.Qd2 h4 13.g4 Nh7 14.f4 exf4 15.Nxf4 Nc7 16.Rf1 Ne6
17.Nxe6  1/2-1/2

[Event "Trencianske Teplice"]
[Site "Trencianske Teplice"]
[Date "1981.??.??"]
[Round "1"]
[White "Privara, Igor"]
[Black "Seifert, Milan"]
[Result "1-0"]
[WhiteElo "2245"]
[BlackElo "2315"]

1.e4 g6 2.d4 Bg7 3.Nc3 d6 4.f4 Nc6 5.Be3 Nf6 6.Be2 O-O 7.Nf3 Ng4 8.Bg1 e5
9.fxe5 dxe5 10.d5 Nb8 11.h3 Nf6 12.Qd2 c6 13.O-O-O cxd5 14.exd5 Re8 15.Be3 e4
16.Nd4 a6 17.Rhf1 b5 18.a3 Bb7 19.Bg5 Nbd7 20.Nc6 Qc7 21.Ne7+ Kh8 22.d6 Qa5
23.Bh6 b4 24.Bxg7+ Kxg7 25.Na2 e3 26.Qxb4 Qxb4 27.Nxb4 Bxg2 28.Rg1 Bb7 29.Rg3 a5
30.Na2 Nc5 31.Rxe3 Ba6 32.Bxa6 Rxa6 33.b4 axb4 34.Nxb4 Ra7 35.Rd4 Rd7 36.Ned5 Rxe3
37.Nxe3 Nb7 38.Nc4 Ne8 39.a4 Nbxd6 40.a5 Rb7 41.Nxd6 Nxd6 42.a6 Rb6 43.a7 Nb5
44.a8=Q  1-0

[Event "Trencianske Teplice"]
[Site "Trencianske Teplice"]
[Date "1981.??.??"]
[Round "4"]
[White "Novak, Ivan"]
[Black "Seifert, Milan"]
[Result "1/2-1/2"]
[WhiteElo "2335"]
[BlackElo "2315"]

1.e4 g6 2.d4 Bg7 3.Nc3 d6 4.g3 Nc6 5.Be3 Nf6 6.h3 e5 7.Nge2 d5 8.dxe5 Nxe5
9.Bg2 O-O 10.exd5 Nc4 11.Bc1 Re8 12.O-O Bf5 13.Nd4 Bd7 14.b3 Nb6 15.Bg5 h6
16.Be3 Re5 17.Bf4 Rh5 18.g4 Nfxd5 19.Nxd5 Rxd5 20.Bxd5 Nxd5 21.Qf3 Nxf4  1/2-1/2

[Event "Trencianske Teplice"]
[Site "Trencianske Teplice"]
[Date "1981.??.??"]
[Round "4"]
[White "Barczay, Laszlo"]
[Black "Petran, Peter"]
[Result "1-0"]
[WhiteElo "2420"]
[BlackElo "2300"]

1.e4 g6 2.d4 Bg7 3.Nc3 d6 4.Be3 c6 5.Qd2 b5 6.Bd3 Nd7 7.Nf3 Nb6 8.h3 Nf6
9.Bh6 O-O 10.O-O a6 11.e5 Nfd5 12.Nxd5 Nxd5 13.Rfe1 f6 14.c4 Nc7 15.exd6 exd6
16.Rac1 Bb7 17.d5 c5 18.b4 bxc4 19.Rxc4 Bxd5 20.Bxg7 Kxg7 21.Rh4 h5 22.Be4 Bxe4
23.Rhxe4 Rf7 24.Rc4 cxb4 25.Nd4 Kh7 26.Rxb4 Ne8 27.Ne6 Qd7 28.Rb6 d5 29.Qb4 Ng7
30.Rd6 Qb5 31.Qf4 Nf5 32.Rd8 Rxd8 33.Nxd8 Rd7 34.Ne6 Rf7 35.g4 hxg4 36.hxg4 Ng7
37.Ng5+ fxg5 38.Qxf7 Qb4 39.Re3 Qxg4+ 40.Kh2 Qf4+ 41.Qxf4 gxf4 42.Rd3  1-0

[Event "Tuzla"]
[Site "Tuzla"]
[Date "1981.??.??"]
[Round "13"]
[White "Nurkic, Sahbaz"]
[Black "Popovic, Petar"]
[Result "1/2-1/2"]
[WhiteElo "2200"]
[BlackElo "2490"]

1.e4 g6 2.d4 Bg7 3.Nc3 d6 4.f4 Nc6 5.Be3 Nf6 6.Nf3 O-O 7.e5 Ng4 8.Bg1 f6
9.h3 Nh6 10.exd6 exd6 11.Qd2 Re8+ 12.Be2 Nf5 13.d5 Ng3  1/2-1/2

[Event "Tuzla"]
[Site "Tuzla"]
[Date "1981.??.??"]
[Round "14"]
[White "Stoica, Valentin"]
[Black "Farago, Ivan"]
[Result "1/2-1/2"]
[WhiteElo "2415"]
[BlackElo "2515"]

1.e4 d6 2.d4 g6 3.Nc3 Bg7 4.Be2 Nf6 5.Nf3 O-O 6.O-O Bg4 7.Be3 c6 8.h3 Bxf3
9.Bxf3 Nbd7 10.a4 e5 11.dxe5 dxe5  1/2-1/2

[Event "Vrnjacka Banja"]
[Site "Vrnjacka Banja"]
[Date "1981.??.??"]
[Round "3"]
[White "Barlov, Dragan"]
[Black "Sznapik, Aleksander"]
[Result "1/2-1/2"]
[WhiteElo "2405"]
[BlackElo "2450"]

1.e4 g6 2.d4 Bg7 3.Nc3 d6 4.Be3 c6 5.Nf3 b5 6.Bd3 Nf6 7.O-O O-O 8.h3 Nbd7
9.e5 Ne8 10.Bf4 dxe5 11.Nxe5 Nxe5 12.dxe5 Nc7 13.Qf3 b4 14.Ne2 Nd5 15.Bg3 Qb6
16.Be4 Ba6 17.Rfd1 Rad8 18.Nd4 e6 19.c3 bxc3 20.bxc3 Bc4 21.Bh4 Rc8 22.Bf6 c5
23.Bxg7 Kxg7 24.Nc2 Qa6 25.Bxd5 exd5 26.Ne3 Be2 27.Qf6+ Qxf6 28.exf6+ Kxf6
29.Rxd5 Rfd8 30.Re1 Ba6 31.Ng4+ Kg7 32.Rxd8 Rxd8 33.Re7 Bc4 34.Rxa7 Rd1+
35.Kh2 Rd2 36.a4 Be6 37.Rc7 c4 38.Ne3 Rd3 39.Nxc4 Rxc3 40.Nd6 Ra3 41.Ra7 h5
42.h4 Bb3 43.Rb7 Be6 44.Rb4 Kf6 45.Nb5 Ra2 46.Kg3 Ke5 47.f3 Bf5 48.Nc3 Ra3
49.Nb5 Ra2 50.Nc3 Ra3 51.Nd1 Be6 52.Nb2 Kd5 53.Kf4 Kc5 54.Rb8 Kd4 55.Rd8+ Kc3
56.Nd1+ Kb4 57.Ne3 Kc3 58.Nd5+ Bxd5 59.Rxd5 Rxa4+ 60.Kg5 Ra2 61.g3 Rg2 62.Kf4 f6
63.g4 hxg4 64.fxg4 Rf2+ 65.Kg3 Rf1 66.Rd6 Kc4 67.g5 Kc5 68.Ra6 Kd5 69.gxf6 Ke5
70.f7 Rxf7 71.Kg4 Rf6 72.Ra5+ Ke6  1/2-1/2

[Event "Vrnjacka Banja"]
[Site "Vrnjacka Banja"]
[Date "1981.??.??"]
[Round "12"]
[White "Martinovic, Slobodan"]
[Black "Sznapik, Aleksander"]
[Result "1-0"]
[WhiteElo "2475"]
[BlackElo "2450"]

1.e4 g6 2.d4 Bg7 3.Nc3 d6 4.f4 a6 5.Nf3 b5 6.Bd3 Bb7 7.O-O Nd7 8.e5 c5 9.Be4 Bxe4
10.Nxe4 cxd4 11.e6 fxe6 12.Neg5 Nf8 13.Nxd4 Qd7 14.Be3 h6 15.Ngf3 Nf6 16.Qd3 Rc8
17.Rae1 Rg8 18.Bd2 Bh8 19.Re2 Rc5 20.Rfe1 Kf7 21.a4 g5 22.axb5 g4 23.Nh4 axb5
24.c3 Rd5 25.Qc2 Rh5 26.g3 Qa7 27.Be3 Nd5 28.Bf2 Bxd4 29.Bxd4 Qd7 30.Ng2 Nf6
31.Ne3 Qc6 32.Ng2 Rh3 33.Bxf6 Kxf6 34.Qd3 Rh5 35.Ne3 Rc5 36.Nc2 Rd5 37.Nd4 Qd7
38.Qe4 Kf7 39.Qc2 Rg6 40.f5 exf5 41.Qb3 e6 42.Rxe6 Nxe6 43.Qxd5 Rf6 44.Re2 Ke7
45.Nxf5+ Kf8 46.Qa8+ Kf7 47.Rf2 Kg6 48.Qg8+ Ng7 49.Nh4+ Kg5 50.Qd5+ Nf5 51.Qd2+ Kh5
52.Qf4 Nxh4 53.Qxf6 Nf3+ 54.Kf1 Qh7 55.Rxf3 Qb1+ 56.Kg2 gxf3+ 57.Qxf3+ Kg6
58.Qg4+ Kf6 59.Qe2 b4 60.Qf3+ Ke5 61.Qf4+ Kd5 62.Qd4+ Kc6 63.Qc4+ Kd7 64.Qxb4 Qc2+
65.Kh3 Qf2 66.Qb7+ Ke6 67.Qe4+ Kd7 68.Qh7+ Kc6 69.Qxh6 Qf5+ 70.Kh4 Qe4+ 71.Qf4 Qh7+
72.Kg4 Qxh2 73.Qc4+ Kd7 74.b4 Qd2 75.Qf7+ Kc6 76.Qf3+ Kb5 77.Kf5 Qc2+ 78.Kf6 Qd2
79.Ke7 d5 80.Ke6 Qh6+ 81.Qf6 Qh3+  1-0

[Event "Wiesbaden"]
[Site "Wiesbaden"]
[Date "1981.??.??"]
[Round "?"]
[White "Westerinen, Heikki MJ"]
[Black "Kindermann, Stefan"]
[Result "0-1"]
[WhiteElo "2425"]
[BlackElo "2425"]

1.e4 g6 2.d4 Bg7 3.Nc3 d6 4.f4 Nc6 5.Be3 Nf6 6.Be2 O-O 7.Nf3 e6 8.Qd3 b6
9.O-O-O Bb7 10.a3 Ne7 11.Ng5 h6 12.Nh3 Qc8 13.g4 c5 14.dxc5 bxc5 15.Qxd6 Nxe4
16.Nxe4 Bxe4 17.Qxe7 Bxh1 18.Qxc5 Bd5 19.Qxc8 Rfxc8 20.c3 a5 21.Bd4 Bb3 22.Rd2 Rd8
23.Bxg7 Kxg7 24.Nf2 g5 25.fxg5 hxg5 26.Bd3 f5 27.gxf5 exf5 28.Re2 Kf6 29.Re3 Rd5
30.Rf3 Rad8 31.c4 Rc8 32.Ne4+ Kg6 33.Ng3 Bxc4 34.Bxf5+ Rxf5 35.Nxf5 Bd3+
36.Kd2 Bxf5 37.Rb3 Rc2+ 38.Ke3 Rxh2 39.Rb6+ Kh5 40.Rb5 Bg6  0-1

[Event "Hoogovens-B"]
[Site "Wijk aan Zee"]
[Date "1981.??.??"]
[Round "1"]
[White "Faase, Rob"]
[Black "Haik, Aldo"]
[Result "0-1"]
[WhiteElo "2360"]
[BlackElo "2405"]

1.e4 g6 2.d4 Bg7 3.Nc3 d6 4.h4 Nc6 5.Bb5 Bd7 6.Nge2 Nf6 7.f3 e5 8.Bxc6 Bxc6
9.d5 Bd7 10.Bg5 h6 11.Be3 c6 12.Qd2 cxd5 13.exd5 Qc7 14.O-O-O h5 15.Ne4 Nxe4
16.fxe4 Rc8 17.Kb1 O-O 18.Ng3 Bg4 19.Rdf1 f5 20.Bg5 f4 21.Ne2 b5 22.Nc1 Rf7
23.Rf2 Qb6 24.Rhf1 Rfc7 25.Qe1 a5 26.Rd2 Rc4 27.Nd3 Qc7 28.Rff2 b4 29.b3 Rc3
30.Qg1 Qb6 31.Rf1 Qb5 32.Rc1 a4 33.Qa7 axb3 34.axb3 R3c7 35.Qa4 Qxa4 36.bxa4 Rc4
37.Re1 Rd4 38.Rf2 b3 39.Nb2 bxc2+ 40.Rxc2 Rxc2 41.Kxc2 f3 42.gxf3 Bxf3 43.a5 Rxe4
44.Rxe4 Bxe4+ 45.Kc3 Bxd5 46.Nc4 e4+ 47.Kb4 Kf7 48.a6 Ke6 49.Be3 Bc6 50.Na5 Ba8
51.Kb5 d5 52.Nb3 g5 53.Kb6 gxh4 54.Ka7 h3 55.Bg1 Bc6 56.Kb6 Ba8 57.Ka7 e3
58.Kxa8 e2 59.Nc5+ Kf5 60.Nd3 Bd4 61.Bh2 Ke4 62.Ne1 Ke3 63.Bg1+ Kd2 64.Nf3+ Kd1
65.Bxd4 h2 66.Nxh2 e1=Q 67.Kb7 Qe7+ 68.Kc6 Qe6+ 69.Kb5 Qe2+ 70.Kb6 Qxh2 71.a7 Qd6+
72.Kb7 Qd7+ 73.Kb8 h4 74.a8=Q Qd8+ 75.Kb7 Qxa8+ 76.Kxa8 h3 77.Be5 d4  0-1

[Event "Yerevan"]
[Site "Yerevan"]
[Date "1981.??.??"]
[Round "13"]
[White "Agzamov, Georgy"]
[Black "Makarov, Marat"]
[Result "1-0"]
[WhiteElo "2435"]
[BlackElo "2330"]

1.d4 g6 2.e4 Bg7 3.Nc3 d6 4.Nf3 Bg4 5.Be2 Nc6 6.Be3 Nf6 7.d5 Bxf3 8.Bxf3 Ne5
9.Be2 O-O 10.f4 Ned7 11.Bf3 c6 12.dxc6 bxc6 13.O-O Qc7 14.Qd2 e5 15.Kh1 exf4
16.Bxf4 Ne5 17.Be2 Rfe8 18.Rad1 Rad8 19.Bg5 Re6 20.Bd3 Rde8 21.Rde1 Qb6 22.b3 Nfg4
23.Nd1 Qc7 24.Bf4 Nf6 25.Ne3 Nh5 26.Bg5 h6 27.Bh4 Kh7 28.Bc4 Nxc4 29.Nxc4 Rxe4
30.Qxd6 Qc8 31.Rxe4 Rxe4 32.Bf2 Qf5 33.Qd3 Re7 34.Qxf5 gxf5 35.Rd1 Re2 36.Rd2 Rxd2
37.Nxd2 a6 38.Nc4 Nf6 39.Na5 Ne4 40.Be3 c5 41.Nc6 Kg6 42.Nb8 a5 43.Nd7 f4
44.Bxf4 Bd4 45.g3 h5 46.Bc7 Bc3 47.Bb6 Bb4 48.Ne5+ Kf5 49.Nc4 Kg4 50.Kg2 h4
51.h3+ Kg5 52.Bd8+ f6 53.g4  1-0

[Event "FRG-ch"]
[Site "Bad Neuenahr"]
[Date "1982.??.??"]
[Round "?"]
[White "Meyer, Claus Dieter"]
[Black "Feustel, Bernd"]
[Result "1/2-1/2"]
[WhiteElo "2365"]
[BlackElo "2365"]

1.e4 g6 2.d4 d6 3.Nc3 Bg7 4.Nf3 a6 5.a4 b6 6.Be3 Nf6 7.h3 O-O 8.Bd3 Bb7 9.O-O Nbd7
10.Qd2 d5 11.exd5 Nxd5 12.Nxd5 Bxd5 13.Be2 Re8 14.c4 Bb7 15.Rfd1 a5 16.Rac1 Nf6
17.b3 Qd7 18.Bf4 Red8 19.Qe3 Rac8 20.Ne5 Qe8 21.Bf3 Bxf3 22.Qxf3 Nh5 23.Bh2 Bxe5
24.Bxe5 f6 25.Bh2 Ng7 26.Qe4 Qd7 27.Bf4 Qf5 28.Qe3 g5 29.Bh2 Qe6 30.Qd3 Qf5
31.Qe2 Qe6 32.Qd2 Rd7 33.d5 Qf7 34.Qe2 Re8 35.f4 h6 36.fxg5 hxg5 37.Qg4 e5
38.dxe6 Rxe6 39.Rxd7 Qxd7 40.Rd1 Qe7 41.Bg3 f5 42.Qd4 f4 43.Qd8+ Qxd8 44.Rxd8+ Re8
45.Rxe8+ Nxe8 46.Bf2 Kf7 47.Kf1 Nd6 48.Ke2 Ne4 49.Bd4 Ke6 50.Kd3 Kf5 51.Ke2 Ng3+
52.Kf3 Ne4 53.Ke2 Ng3+  1/2-1/2